| 000 | 00637nam a22002057a 4500 | ||
|---|---|---|---|
| 003 | OSt | ||
| 005 | 20140311162959.0 | ||
| 008 | 130206t xxu||||| |||| 00| 0 eng d | ||
| 020 | _a9715505369 | ||
| 050 |
_aHF 5549.2 _b.P6 L4 2008 |
||
| 245 |
_aLeading Philippine organizations in a changing world : research and best practices / _cedited by Ma. Regina M. Hechanova and Edna P. Franco |
||
| 260 |
_aQuezon City : _bAteneo de Manila University Press , _c2008. |
||
| 300 |
_a222 p. : _c23 cm. |
||
| 521 | _aBSBA | ||
| 562 | _e2 | ||
| 650 | _a1. Personnel management. | ||
| 942 |
_2lcc _cBK _kLOC |
||
| 999 |
_c39146 _d39146 |
||